Jak chutná moc

Bibliographic Details
Main Author: Mňačko, Ladislav, 1919-1994 (Author)
Format: Book
Language:Undetermined
PhysicalDescription:171 s.
Published: Praha Čs.spisovatel 1968

MARC

LEADER 00000nam a2200000 a 4500
001 vtls001278672
003 SK-MaSNL
005 20260301195520.0
008 240313s1968 xx 0 und
035 |a SNK000229994 
040 |a SNK  |b slo  |c SNK  |e AACR2 
100 1 |a Mňačko, Ladislav,  |d 1919-1994  |4 aut  |9 110734 
245 1 |a Jak chutná moc 
260 |a Praha  |b Čs.spisovatel  |c 1968 
300 |a 171 s. 
958 |a OND 
999 |c 886069  |d 887999 
952 |t P60, <04>, [BOOK], {604}  |a SNK  |b SNK  |y VYP  |7 0  |p 17A0051404  |o snkSD 33584 D1  |0 0  |1 0  |4 0  |d 1997-03-04  |l 0  |r 2005-01-02 00:00:00  |w 2026-02-24 
952 |a SNK  |b SNK  |y PREZ  |7 0  |p 17A0856037  |o snkSD 33584  |0 0  |1 0  |4 0  |d 2013-08-08  |l 0  |r 2026-02-24 06:30:22  |w 2026-02-24